Museo Cerralbo / (Record no. 188089)

MARC details
000 -LEADER
campo de control de longitud fija 00916nam a2200253 i 4500
001 - NÚMERO DE CONTROL
campo de control 188089
003 - IDENTIFICADOR DE NÚMERO DE CONTROL
campo de control SpMaBN
005 - FECHA Y HORA DE LA ÚLTIMA TRANSACCIÓN
campo de control 20230906223117.0
008 - DATOS DE LONGITUD FIJA--INFORMACIÓN GENERAL
campo de control de longitud fija 180427s1969 sp ef c |||| | spa d
080 ## - NÚMERO DE LA CLASIFICACIÓN DECIMAL UNIVERSAL
Número de la Clasificación Decimal Universal 7:069(460.27 M.)(036)
110 2# - ENTRADA PRINCIPAL--NOMBRE DE ENTIDAD CORPORATIVA
Nombre de entidad corporativa o nombre de jurisdicción como elemento de entrada Museo Cerralbo.
9 (RLIN) 5832
245 10 - MENCIÓN DEL TÍTULO
Título Museo Cerralbo /
Mención de responsabilidad, etc. [guía redactada por Consuelo Sanz-Pastor y Fernández de Piérola].
250 ## - MENCION DE EDICION
Mención de edición 2ª ed.
260 ## - PUBLICACIÓN, DISTRIBUCIÓN, ETC.
Lugar de publicación, distribución, etc. [Madrid] :
Nombre del editor, distribuidor, etc. Dirección General de Bellas Artes,
Fecha de publicación, distribución, etc. 1969.
300 ## - DESCRIPCIÓN FÍSICA
Extensión 57 p., [62] p. de lám. :
Otras características físicas 2 planos ;
Dimensiones 20 cm.
490 1# - MENCIÓN DE SERIE
Mención de serie Guías de los museos de España ;
Designación de volumen o secuencia 5
504 ## - NOTA DE BIBLIOGRAFÍA, ETC.
Nota de bibliografía, etc. Bibliografía: p. 55.
610 27 - PUNTO DE ACCESO ADICIONAL DE MATERIA--NOMBRE DE ENTIDAD CORPORATIVA
Nombre de entidad corporativa o nombre de jurisdicción como elemento de entrada Museo Cerralbo.
9 (RLIN) 5832
700 1# - ENTRADA AGREGADA--NOMBRE PERSONAL
Nombre de persona Sanz-Pastor y Fernández de Piérola, Consuelo.
9 (RLIN) 103672
710 1# - ENTRADA AGREGADA--NOMBRE DE ENTIDAD CORPORATIVA
Nombre de entidad corporativa o nombre de jurisdicción como elemento de entrada España.
Unidad subordinada Dirección General de Bellas Artes.
9 (RLIN) 3704
830 0# - PUNTO DE ACCESO ADICIONAL DE SERIE-TÍTULO UNIFORME
Título uniforme Guías de los museos de España ;
Designación de volumen o secuencia 5
9 (RLIN) 181344
852 ## - LOCALIZACIÓN
Ubicación ES-MaACL
Número de control de estantería L-31979
Holdings
Estatus retirado Estado de pérdida Estado de daño No para préstamo Biblioteca de origen Biblioteca actual Ubicación en estantería Fecha de adquisición Fuente de adquisición Total de préstamos Signatura topográfica completa Código de barras Visto por última vez Precio de reemplazo Tipo de ítem Koha
        Biblioteca del Ateneo de Madrid Biblioteca del Ateneo de Madrid Depósito 2 27/04/2018     L-31979 1198784 23/02/2023 23/02/2023 Libro impreso